Gaming Quiz

Random Gaming or Video Games Quiz

The Unwelcome Gaming Guest Quiz Stats

Quiz Updated May 30, 2018

Challenge
Share
Tweet
Embed
Score 0/15 Timer 06:00
0 Plays Today
Question Answer Wrong Answers
The Legend of Zelda: Ocarina of Time Pit
81.7%
Link
3.1%
Ganondorf
13.2%
Zelda
1.8%
Batman: Arkham Asylum Robin
79.4%
Batman
1.1%
Joker
2.8%
Harley Quinn
15.3%
Portal 2 Gordon Freeman
69%
Chell
10.3%
Wheatley
9.7%
GLaDOS
9.8%
Civilization V Juan Perón
67.9%
Alexander the Great
5%
Atilla the Hun
7.6%
Mahatma Gandhi
17.1%
Mortal Kombat Ryu
67.4%
Scorpion
4.4%
Sub-Zero
5.8%
Johnny Cage
18.3%
Grand Theft Auto V Niko
59.7%
Michael
11%
Trevor
10.8%
Franklin
14.2%
Metal Gear Solid Deathstroke
57.6%
Solid Snake
6.3%
Liquid Snake
17.8%
Revolver Ocelot
13.3%
The Elder Scrolls V: Skyrim Thorin Oakenshield
56.6%
General Tullius
20.7%
Ulfric Stormcloak
7.5%
Balgruuf the Greater
11.5%
Mass Effect Captain Rogers
54.9%
Commander Shepard
8.6%
Saren
19.8%
Garrus Vakarian
12.5%
Halo 2 Marcus Fenix
53.8%
Master Chief
5.4%
Cortana
15.2%
The Prophet of Regret
22.7%
Team Fortress 2 Assassin
52.4%
Medic
8.3%
Heavy
13.5%
Pyro
21%
Super Mario Bros. 3 Yoshi
50.1%
Luigi
16.9%
Bowser
7.4%
Goomba
20.7%
Pokémon Yellow Arceus
49.5%
Pikachu
2.6%
Giovanni
35.2%
Mewtwo
7.8%
Bioshock Infinite Sofia Lamb
39.6%
Booker
16.8%
Elizabeth
11.8%
Zach Comstock
26.2%
Call of Duty 4: Modern Warfare Viktor Reznov
28.6%
Captain Price
11.2%
Gaz
28.3%
Soap
26.1%

You're not logged in!

Compare scores with friends on all Sporcle quizzes.
Join for Free
OR
Log In

You Might Also Like...

Show Comments

Extras

Top Quizzes Today


Score Distribution

Your Account Isn't Verified!

In order to create a playlist on Sporcle, you need to verify the email address you used during registration. Go to your Sporcle Settings to finish the process.

Report this User

Report this user for behavior that violates our Community Guidelines.

Details: